<?xml version="1.0" encoding="UTF-8"?>
<marc:record xmlns:marc="http://www.loc.gov/MARC21/slim">
   <marc:leader>00000nam a2200000 a 4500</marc:leader>
   <marc:datafield ind1="1" ind2=" " tag="100">
      <marc:subfield code="a">Luhn, Usch</marc:subfield>
      <marc:subfield code="4">aut</marc:subfield>
      <marc:subfield code="e">Verfasser/-in</marc:subfield>
   </marc:datafield>
   <marc:datafield ind1="0" ind2="0" tag="245">
      <marc:subfield code="a">Nele und die Glücksschokolade</marc:subfield>
   </marc:datafield>
   <marc:datafield ind1="0" ind2="0" tag="245">
      <marc:subfield code="c">Luhn, Usch</marc:subfield>
   </marc:datafield>
   <marc:datafield ind1=" " ind2="1" tag="264">
      <marc:subfield code="c">2016</marc:subfield>
   </marc:datafield>
   <marc:datafield ind1="1" ind2=" " tag="520">
      <marc:subfield code="a">Langeweile in den Sommerferien? Nicht mit Tante Adelheid. Sie lädt Nele, Tanne und Lukas zu einer abenteuerlichen Fahrt mit einem Hausboot ein. Unterwegs lernen sie die nette Estrella kennen. Doch Estrella hat Sorgen, denn die kleine Schokoladenmanufaktur ihres Vaters läuft schlecht. Die Schokolade schmeckt einfach nicht! Und Estrella weiß auch, warum: Das Geheimrezept ihrer Oma für die berühmte Glücksschokolade ist verschwunden. Ob der merkwürdige Herr Schubidus etwas damit zu tun hat? Nele und ihre Freunde sind wild entschlossen, das Rezeptbuch zurückzuholen ...</marc:subfield>
   </marc:datafield>
   <marc:datafield ind1=" " ind2=" " tag="020">
      <marc:subfield code="a">9783570173572</marc:subfield>
      <marc:subfield code="9">9783570173572</marc:subfield>
   </marc:datafield>
   <marc:datafield ind1=" " ind2=" " tag="020">
      <marc:subfield code="a">3570173577</marc:subfield>
      <marc:subfield code="9">3570173577</marc:subfield>
   </marc:datafield>
   <marc:datafield ind1=" " ind2=" " tag="338">
      <marc:subfield code="a">Band</marc:subfield>
   </marc:datafield>
   <marc:datafield ind1=" " ind2=" " tag="300">
      <marc:subfield code="a">126 S.</marc:subfield>
   </marc:datafield>
</marc:record>
